Prekurzor hirudínu obsahujúci signálnu sekvenciu, spôsob prípravy Leu-hirudínu a použitie prekurzora

Bibliographic Details
Corporate Author: Sanofi-Aventis Deutschland GmbH (Frankfurt nad Mohanom, Nemecko) (Patent holder)
Other Authors: Habermann, Paul (Originator), Bender, Rudolf (Originator)
Format: Book
Language:Slovak
PhysicalDescription:19 s. tab. 30 cm
Published: [Banská Bystrica] Úrad priemyselného vlastníctva SR [2012]
Subjects:

MARC

LEADER 00000cam a2200000 a 4500
001 vtls010343433
003 SK-MaSNL
005 20260331205435.0
008 251120s2012 xo a j f000 0 slo
013 |a 287865  |b SK  |c patent  |d 20120203  |e dátum nadobudnutia účinkov patentu (Vestník ÚPV SR č.: 2/2012)  |d 20120109  |e dátum sprístupnenia patentu 
013 |a 362-2002  |e číslo prihlášky  |d 20000901  |e dátum podania prihlášky  |d 20030603  |e dátum zverejnenia prihlášky (Vestník ÚPV SR č.: 6/2003) 
013 |a 199 44 870.1  |e číslo prioritnej prihlášky  |d 19990918  |e dátum podania prioritnej prihlášky  |b DE  |e kód krajiny prioritnej prihlášky 
015 |a SNBN2013 
040 |a SNK  |b slo  |c SNK  |e AACR2 
041 0 |a slo 
044 |a xo  |c SK 
072 7 |a 615  |x Farmácia. Farmakológia  |2 konspekt 
080 |a 615.45  |2 2001 
084 |a C07K 14/00  |2 IPC 
084 |a A61P 7/00  |2 IPC 
084 |a C12N 1/00  |2 IPC 
084 |a C12N 15/00  |2 IPC 
084 |a C12N 9/00  |2 IPC 
084 |a C12P 21/00  |2 IPC 
084 |a C12Q 1/00  |2 IPC 
084 |a G01N 33/00  |2 IPC 
100 1 |a Habermann, Paul  |4 org  |9 329798 
245 1 0 |a Prekurzor hirudínu obsahujúci signálnu sekvenciu, spôsob prípravy Leu-hirudínu a použitie prekurzora  |c Paul Habermann, Rudolf Bender ; patent. zást. Dagmar Čechvalová 
260 |a [Banská Bystrica]  |b Úrad priemyselného vlastníctva SR  |c [2012] 
300 |a 19 s.  |b tab.  |c 30 cm 
650 0 7 |a farmaceutické prípravky  |2 SNKPH  |9 50839 
650 0 7 |a technológia liekov  |2 SNKPH  |9 78332 
650 0 7 |a Pharmaceuticals  |2 SNKPHeng  |9 305696 
650 0 7 |a Drug technology  |2 SNKPHeng  |9 303428 
655 7 |a patenty  |2 SNKPH  |9 177343 
655 7 |a patent licenses  |2 SNKPHeng  |9 303430 
700 1 |a Bender, Rudolf  |4 org  |9 329799 
700 1 |a Čechvalová, Dagmar  |4 oth  |9 305714 
710 2 |a Sanofi-Aventis Deutschland GmbH (Frankfurt nad Mohanom, Nemecko)  |4 pth  |9 325639 
852 |a Štátna vedecká knižnica v Banskej Bystrici 
999 |c 578439  |d 580369 
952 |a SNK  |b SNK  |y PREZ  |7 0  |p 17A1067657  |o snkSK 287865  |i snk2013/8578  |8 0  |0 0  |1 0  |4 0  |d 2013-04-16  |l 0  |r 2026-02-23 14:40:58  |w 2026-02-23